| 000 | 00605nam a2200205Ia 4500 | ||
|---|---|---|---|
| 005 | 20250508151035.0 | ||
| 008 | 008 250505s9999 xx 000 0 eng d | ||
| 037 | _aTextual | ||
| 040 |
_aFEDL _beng _cFEDL |
||
| 041 |
_aeng _2eng |
||
| 084 |
_a157.9, SHA _qFEDL |
||
| 100 |
_aShaffer G. Wilson _987701 |
||
| 245 | 0 | _aFundamental concepts in clinical psychology | |
| 260 |
_aNew York, USA _bMcGraw Hill Book Company _c1952 |
||
| 300 | _axi,540p. | ||
| 650 | _aAbnormal Psychology | ||
| 700 |
_a Lazarus Richard S. _9758272 |
||
| 942 |
_cTEXL _h157.9, SHA |
||
| 999 |
_c1327222 _d1327222 |
||